[Event "Campeonato de España FEDC 2014"]
[Site "Linares ESP"]
[Date "2014.11.18"]
[Round "3.24"]
[White "Calvente Aldehuela, Antonia"]
[Black "Sanchez Ruiz, Justo"]
[Result "1/2-1/2"]
[WhiteElo "1362"]
[BlackElo "1708"]
[PlyCount "86"]
[EventDate "2014.11.16"]
[EventType "swiss"]
[EventRounds "8"]
[EventCountry "ESP"]
[Source "lmi"]
[SourceDate "2014.11.16"]

1. e4 c5 2. Nf3 d6 3. d4 cxd4 4. Nxd4 Nf6 5. Nc3 g6 6. Bc4 Bg7 7. O-O Nc6 8.
Be3 Ng4 9. Nxc6 bxc6 10. Qd2 Nxe3 11. Qxe3 O-O 12. f4 Qa5 13. Bb3 Rb8 14. Rab1
Be6 15. Ne2 Bxb3 16. axb3 Qb6 17. Qxb6 Rxb6 18. Ng3 Rb4 19. f5 Bd4+ 20. Kh1 Be5
21. fxg6 hxg6 22. Rfe1 Bxg3 23. hxg3 Kg7 24. Ra1 Rb7 25. Ra4 e5 26. Rea1 Ra8
27. b4 Kh6 28. Kg1 Kg5 29. Kf2 f5 30. exf5 gxf5 31. Ra6 Rc7 32. c4 e4 33. b5
cxb5 34. cxb5 Rc2+ 35. Ke3 Rxb2 36. b6 Rb8 37. bxa7 R8b3+ 38. Kd4 Rd3+ 39. Kc4
Rc2+ 40. Kb5 Rc5+ 41. Kb4 Rd4+ 42. Kb3 Rd3+ 43. Kb4 Rd4+ 1/2-1/2

[Event "Campeonato de España FEDC 2014"]
[Site "Linares ESP"]
[Date "2014.11.18"]
[Round "3.25"]
[White "Fernandez Cabello, Emilio"]
[Black "Juanes Paniagua, Alberto"]
[Result "0-1"]
[WhiteElo "1513"]
[BlackElo "1321"]
[PlyCount "84"]
[EventDate "2014.11.16"]
[EventType "swiss"]
[EventRounds "8"]
[EventCountry "ESP"]
[Source "lmi"]
[SourceDate "2014.11.16"]

1. e4 Nf6 2. e5 Nd5 3. d4 d6 4. f4 Bf5 5. c4 Nb6 6. Nc3 Nc6 7. Nf3 Nb4 8. Be3
Nc2+ 9. Kf2 Nxa1 10. Qxa1 a6 11. Be2 e6 12. Rd1 Be7 13. c5 Nd7 14. cxd6 cxd6
15. d5 O-O 16. Nd4 g6 17. g4 dxe5 18. fxe5 Bh4+ 19. Kg1 Bxg4 20. Bxg4 Nxe5 21.
Bh3 Nc4 22. Bh6 Qf6 23. Ne4 Qe5 24. b3 Qxe4 25. bxc4 e5 26. Nb3 f6 27. Nc5 Qxc4
28. Bxf8 Rxf8 29. Be6+ Kg7 30. Nd3 e4 31. Qc1 Qd4+ 32. Kf1 exd3 33. Qd2 Qe4 34.
Qxd3 Qh1+ 35. Ke2 Qxh2+ 36. Ke3 Bg5+ 37. Kd4 Qe5+ 38. Kc5 Be3+ 39. Kb4 Qd6+ 40.
Kb3 Qb6+ 41. Ka3 Bc5+ 42. Ka4 Qb4# 0-1

[Event "Campeonato de España FEDC 2014"]
[Site "Linares ESP"]
[Date "2014.11.18"]
[Round "3.26"]
[White "Alarcon Alarcon, Juana"]
[Black "Bueno Cardenas, Rafael"]
[Result "0-1"]
[WhiteElo "1322"]
[BlackElo "1511"]
[PlyCount "58"]
[EventDate "2014.11.16"]
[EventType "swiss"]
[EventRounds "8"]
[EventCountry "ESP"]
[Source "lmi"]
[SourceDate "2014.11.16"]

1. e4 e6 2. Nf3 d5 3. e5 c5 4. Nc3 Nc6 5. Bb5 Bd7 6. d3 d4 7. Ne4 Nxe5 8. Bxd7+
Nxd7 9. O-O Ngf6 10. Bg5 Be7 11. Nxf6+ Nxf6 12. Ne5 Nd5 13. Bxe7 Qxe7 14. c4
Nc7 15. Qa4+ b5 16. cxb5 O-O 17. f4 Qe8 18. Qd1 Nxb5 19. Qh5 Nd6 20. Rf3 f6 21.
Qg4 fxe5 22. Rg3 Nf5 23. Rf3 Ne3 24. Qg5 Rf5 25. Qh4 Qh5 26. Qe7 Qf7 27. Qxc5
e4 28. Qxd4 exf3 29. Qxe3 fxg2 0-1

[Event "Campeonato de España FEDC 2014"]
[Site "Linares ESP"]
[Date "2014.11.18"]
[Round "3.27"]
[White "Urlezaga Mandaluniz, Jose A"]
[Black "Garcia Cruz, Francisco"]
[Result "0-1"]
[WhiteElo "1284"]
[BlackElo "1500"]
[PlyCount "58"]
[EventDate "2014.11.16"]
[EventType "swiss"]
[EventRounds "8"]
[EventCountry "ESP"]
[Source "lmi"]
[SourceDate "2014.11.16"]

1. e4 e5 2. Nf3 Nc6 3. Bc4 Bc5 4. O-O Nf6 5. Ng5 O-O 6. c3 h6 7. Nf3 Nxe4 8. d4
exd4 9. cxd4 Bb6 10. Bd5 Nf6 11. Bb3 d5 12. Nc3 Bg4 13. Be3 a6 14. Na4 Bxf3 15.
Qxf3 Nxd4 16. Qd1 Nxb3 17. Qxb3 Bxe3 18. Qxe3 Re8 19. Qd4 Re4 20. Qd1 Qd6 21.
Nc3 Rh4 22. g3 Rh5 23. Qf3 Re8 24. Kg2 Ree5 25. Rg1 Rhf5 26. Qd3 Qe6 27. Qd4
Rh5 28. Kf1 Rxh2 29. Rg2 Rh1+ 0-1

[Event "Campeonato de España FEDC 2014"]
[Site "Linares ESP"]
[Date "2014.11.18"]
[Round "3.28"]
[White "Lago Carballo, Carmen"]
[Black "Mena Lena, Antonio"]
[Result "1-0"]
[WhiteElo "1447"]
[BlackElo "1296"]
[PlyCount "63"]
[EventDate "2014.11.16"]
[EventType "swiss"]
[EventRounds "8"]
[EventCountry "ESP"]
[Source "lmi"]
[SourceDate "2014.11.16"]

1. e4 c5 2. Nf3 Nc6 3. Bc4 e6 4. Nc3 Nd4 5. d3 g6 6. Be3 Bg7 7. O-O Ne7 8. Bg5
f6 9. Be3 Nec6 10. a3 a6 11. b4 d6 12. b5 axb5 13. Nxb5 d5 14. exd5 Nxf3+ 15.
Qxf3 Ne5 16. Qe2 Nxc4 17. dxc4 O-O 18. Bxc5 Re8 19. Rfe1 Bf8 20. Bxf8 Kxf8 21.
Qd3 Bd7 22. Nd6 e5 23. Nxe8 Qxe8 24. f4 Bf5 25. Qc3 Qf7 26. fxe5 Ra6 27. e6 Qe7
28. Qb4 Rd6 29. c3 Kg7 30. a4 Rd7 31. exd7 Qd8 32. Qe7+ 1-0

[Event "Campeonato de España FEDC 2014"]
[Site "Linares ESP"]
[Date "2014.11.19"]
[Round "4.1"]
[White "Fernandez Manrique, Agustin"]
[Black "Aguilar Sevilla, Diego"]
[Result "1/2-1/2"]
[WhiteElo "2197"]
[BlackElo "2105"]
[PlyCount "20"]
[EventDate "2014.11.16"]
[EventType "swiss"]
[EventRounds "8"]
[EventCountry "ESP"]
[Source "lmi"]
[SourceDate "2014.11.16"]

1. Nf3 c5 2. c4 Nc6 3. Nc3 g6 4. g3 Bg7 5. Bg2 e6 6. e4 Nge7 7. d3 d6 8. O-O
O-O 9. Rb1 e5 10. Nh4 Rb8 1/2-1/2

[Event "Campeonato de España FEDC 2014"]
[Site "Linares ESP"]
[Date "2014.11.19"]
[Round "4.2"]
[White "Fernandez Lago, David"]
[Black "Palacios Perez, Manuel"]
[Result "1-0"]
[WhiteElo "2000"]
[BlackElo "2208"]
[PlyCount "74"]
[EventDate "2014.11.16"]
[EventType "swiss"]
[EventRounds "8"]
[EventCountry "ESP"]
[Source "lmi"]
[SourceDate "2014.11.16"]

1. e4 c5 2. Nc3 Nc6 3. Nge2 d6 4. d4 cxd4 5. Nxd4 Nf6 6. Be2 g6 7. Nb3 Bg7 8.
g4 a5 9. g5 Nd7 10. a4 O-O 11. h4 Nc5 12. Nxc5 dxc5 13. Nd5 e6 14. Ne3 Qc7 15.
c3 Ne5 16. f4 Nc6 17. Rf1 Ne7 18. Qc2 Bd7 19. Ng4 f5 20. gxf6 Bxf6 21. Nxf6+
Rxf6 22. Be3 e5 23. f5 c4 24. Bg5 Rf7 25. O-O-O b5 26. f6 Nc8 27. h5 Nd6 28.
hxg6 hxg6 29. Rh1 Ne8 30. Bxc4 bxc4 31. Qh2 Bh3 32. Qxh3 Rh7 33. Qxh7+ Qxh7 34.
Rxh7 Kxh7 35. Rd7+ Kh8 36. f7 Ng7 37. Be7 Ne6 1-0

[Event "Campeonato de España FEDC 2014"]
[Site "Linares ESP"]
[Date "2014.11.19"]
[Round "4.3"]
[White "Zanoletty Garcia, David"]
[Black "Draghici Flutur, Gavril"]
[Result "0-1"]
[WhiteElo "1996"]
[BlackElo "2164"]
[PlyCount "102"]
[EventDate "2014.11.16"]
[EventType "swiss"]
[EventRounds "8"]
[EventCountry "ESP"]
[Source "lmi"]
[SourceDate "2014.11.16"]

1. Nf3 Nf6 2. c4 c5 3. Nc3 Nc6 4. e3 d5 5. cxd5 Nxd5 6. Ne4 e6 7. Be2 Be7 8.
O-O O-O 9. Qc2 a6 10. a3 b6 11. d4 f5 12. Ned2 Bb7 13. dxc5 Bxc5 14. b4 Be7 15.
Bb2 Rc8 16. Qb3 Bf6 17. Nc4 Qc7 18. Rac1 Qb8 19. Rfd1 b5 20. Ncd2 Bxb2 21. Qxb2
Rf6 22. Nf1 Rf7 23. Ng3 Nb6 24. Qb3 Re8 25. Ng5 Rf6 26. Bh5 g6 27. Bf3 Nc4 28.
Rd7 h6 29. Qc3 N4e5 30. Rxb7 Qxb7 31. Bxc6 Qxc6 32. Qxc6 Nxc6 33. Rxc6 hxg5 34.
Rxa6 Rf7 35. Rb6 Ra7 36. Rxb5 Rxa3 37. h3 Kf7 38. Rb6 Rd8 39. Ne2 e5 40. Rb7+
Kf6 41. b5 Rd1+ 42. Kh2 Rd2 43. Ng3 Rxf2 44. Rb6+ Kf7 45. Rb7+ Kf6 46. Rb6+ Kg7
47. Rb7+ Kh6 48. b6 Raa2 49. Nh5 Rxg2+ 50. Kh1 Rgb2 51. Nf6 Rb1# 0-1

[Event "Campeonato de España FEDC 2014"]
[Site "Linares ESP"]
[Date "2014.11.19"]
[Round "4.4"]
[White "Clemente Llamero, Roberto"]
[Black "Saez Gabikagogeaskoa, Oscar"]
[Result "1-0"]
[WhiteElo "2097"]
[BlackElo "1988"]
[PlyCount "87"]
[EventDate "2014.11.16"]
[EventType "swiss"]
[EventRounds "8"]
[EventCountry "ESP"]
[Source "lmi"]
[SourceDate "2014.11.16"]

1. e4 c5 2. Nf3 Nc6 3. d4 cxd4 4. Nxd4 Nf6 5. Nc3 e5 6. Ndb5 d6 7. Bg5 a6 8.
Na3 Be6 9. Nc4 Rc8 10. Nd5 Bxd5 11. Bxf6 gxf6 12. Qxd5 Nd4 13. O-O-O Qe7 14.
Kb1 Rc5 15. Nxd6+ Qxd6 16. Qxd6 Bxd6 17. c3 Nb5 18. Bxb5+ Ke7 19. Be2 b5 20.
Rd2 Rc7 21. Rhd1 Bc5 22. Bg4 Rb8 23. a3 Kf8 24. Rd8+ Rxd8 25. Rxd8+ Kg7 26. Rd2
Kh6 27. Bf5 Kg7 28. Ka2 a5 29. b4 axb4 30. axb4 Bb6 31. Kb2 h6 32. f3 Be3 33.
Rd5 Kf8 34. Bd7 Ke7 35. Bxb5 Ke6 36. Kb3 f5 37. Bc4 Kf6 38. Rd6+ Kg5 39. g3
fxe4 40. fxe4 f5 41. exf5 Kxf5 42. Be6+ Ke4 43. Bd5+ Kd3 44. Bf3+ 1-0

[Event "Campeonato de España FEDC 2014"]
[Site "Linares ESP"]
[Date "2014.11.19"]
[Round "4.5"]
[White "Ortiz Amenos, Jose Luis"]
[Black "Monmeneu Chulia, Vicente Juan"]
[Result "1-0"]
[WhiteElo "2039"]
[BlackElo "1851"]
[PlyCount "39"]
[EventDate "2014.11.16"]
[EventType "swiss"]
[EventRounds "8"]
[EventCountry "ESP"]
[Source "lmi"]
[SourceDate "2014.11.16"]

1. e4 d6 2. d4 Nf6 3. Bd3 g6 4. h3 Bg7 5. Be3 O-O 6. Qd2 e5 7. d5 c6 8. c4 cxd5
9. cxd5 Nbd7 10. Nc3 Nc5 11. Bc2 Ncxe4 12. Nxe4 Nxe4 13. Bxe4 f5 14. Bg5 Qd7
15. Bc2 Qb5 16. Be7 Re8 17. Bxd6 e4 18. Bf4 Qxb2 19. Rb1 Qxa2 20. Ne2 1-0

[Event "Campeonato de España FEDC 2014"]
[Site "Linares ESP"]
[Date "2014.11.19"]
[Round "4.6"]
[White "Megias Gonzalez, Javier"]
[Black "Vela Ignacio, Jose Manuel"]
[Result "0-1"]
[WhiteElo "1837"]
[BlackElo "2128"]
[PlyCount "48"]
[EventDate "2014.11.16"]
[EventType "swiss"]
[EventRounds "8"]
[EventCountry "ESP"]
[Source "lmi"]
[SourceDate "2014.11.16"]

1. e4 e6 2. d4 d5 3. e5 c5 4. Nf3 cxd4 5. Bd3 Nc6 6. O-O Nge7 7. Nbd2 Ng6 8.
Bxg6 hxg6 9. Nb3 f6 10. Nbxd4 Nxe5 11. Nxe5 fxe5 12. Nf3 e4 13. Bg5 Qc7 14. Nh4
Bd6 15. g3 Rh5 16. Qd2 Qf7 17. f4 Bd7 18. c4 Bc5+ 19. Kg2 Bc6 20. b4 e3 21. Qb2
dxc4+ 22. Nf3 Bb6 23. g4 Rxg5 24. fxg5 Qf4 0-1

[Event "Campeonato de España FEDC 2014"]
[Site "Linares ESP"]
[Date "2014.11.19"]
[Round "4.7"]
[White "Lopez Perez, Angel Luis"]
[Black "Olivera Gutierrez, Albert"]
[Result "0-1"]
[WhiteElo "1769"]
[BlackElo "2047"]
[PlyCount "77"]
[EventDate "2014.11.16"]
[EventType "swiss"]
[EventRounds "8"]
[EventCountry "ESP"]
[Source "lmi"]
[SourceDate "2014.11.16"]

1. e4 a6 2. Nf3 b5 3. d4 Bb7 4. Bd3 e6 5. Be3 Nf6 6. Nbd2 Be7 7. O-O d6 8. c3
Nbd7 9. h3 h6 10. Nh2 c5 11. f4 e5 12. fxe5 dxe5 13. d5 O-O 14. Be2 c4 15. Qe1
Bc5 16. Qf2 Rc8 17. Ng4 Nxg4 18. Bxg4 Rc7 19. Qg3 Qg5 20. Bxc5 Nxc5 21. Qe1 Nd3
22. Qe2 Nf4 23. Qf2 h5 24. Nf3 Qe7 25. Bf5 g6 26. Nxe5 Qxe5 27. Qxf4 Qxf4 28.
Rxf4 Re7 29. d6 Re5 30. Bxg6 fxg6 31. Raf1 Rd8 32. Rf6 Bxe4 33. Rf7 Rxd6 34. h4
Rf5 35. Re7 Rxf1+ 36. Kxf1 Bd3+ 37. Ke1 Rf6 38. Ra7 Rf1+ 39. Kd2 0-1

[Event "Campeonato de España FEDC 2014"]
[Site "Linares ESP"]
[Date "2014.11.19"]
[Round "4.8"]
[White "Martinez Colomar, Alejandro"]
[Black "Ariste Justo, Jesus Angel"]
[Result "1-0"]
[WhiteElo "1747"]
[BlackElo "1858"]
[PlyCount "43"]
[EventDate "2014.11.16"]
[EventType "swiss"]
[EventRounds "8"]
[EventCountry "ESP"]
[Source "lmi"]
[SourceDate "2014.11.16"]

1. c4 c6 2. g3 d5 3. Nf3 Nf6 4. Bg2 e6 5. O-O Nbd7 6. d4 dxc4 7. Ne5 Nxe5 8.
dxe5 Qxd1 9. Rxd1 Nd5 10. Nd2 c3 11. Nc4 cxb2 12. Bxb2 Bb4 13. a3 Bc5 14. e4
Nc7 15. Nd6+ Ke7 16. Rac1 b6 17. Bf1 Rd8 18. a4 Ba6 19. Rxc5 bxc5 20. Ba3 Bxf1
21. Bxc5 Na6 22. Nf5+ 1-0

[Event "Campeonato de España FEDC 2014"]
[Site "Linares ESP"]
[Date "2014.11.19"]
[Round "4.9"]
[White "Coves Sepulcre, Laureano"]
[Black "Garcia Cervigon, Juan Pablo"]
[Result "1/2-1/2"]
[WhiteElo "1840"]
[BlackElo "1709"]
[PlyCount "41"]
[EventDate "2014.11.16"]
[EventType "swiss"]
[EventRounds "8"]
[EventCountry "ESP"]
[Source "lmi"]
[SourceDate "2014.11.16"]

1. c4 e6 2. Nf3 d5 3. d4 c6 4. Qc2 Nf6 5. g3 Bd6 6. Bg2 O-O 7. O-O Nbd7 8. Nbd2
Re8 9. b3 e5 10. dxe5 Nxe5 11. Bb2 Bg4 12. Rfe1 Bh5 13. Nxe5 Bxe5 14. Nf3 Bxb2
15. Qxb2 dxc4 16. bxc4 Qc7 17. Rab1 Re7 18. Red1 Rd8 19. e3 Ne4 20. Rd4 Nc5 21.
Rbd1 1/2-1/2

[Event "Campeonato de España FEDC 2014"]
[Site "Linares ESP"]
[Date "2014.11.19"]
[Round "4.10"]
[White "Mondelo Fidalgo, Antonio"]
[Black "Pimienta Sanchez, Manuel"]
[Result "0-1"]
[WhiteElo "1739"]
[BlackElo "1820"]
[PlyCount "152"]
[EventDate "2014.11.16"]
[EventType "swiss"]
[EventRounds "8"]
[EventCountry "ESP"]
[Source "lmi"]
[SourceDate "2014.11.16"]

1. d4 f5 2. Nf3 Nf6 3. g3 e6 4. Bg2 Be7 5. c4 c6 6. O-O d5 7. b3 O-O 8. Ne5
Nbd7 9. Bf4 Nxe5 10. Bxe5 Nd7 11. Bf4 Bf6 12. Bc1 dxc4 13. e3 cxb3 14. Qxb3 Re8
15. Nd2 Nb6 16. Bb2 Kh8 17. Nf3 Nd5 18. Ne5 Bxe5 19. dxe5 Qb6 20. Qc2 Qd8 21.
e4 Ne7 22. exf5 Nxf5 23. Be4 Qg5 24. f4 Qd8 25. Rae1 Qb6+ 26. Qf2 Qxf2+ 27.
Kxf2 Ne7 28. Rc1 Kg8 29. Rfd1 Nd5 30. Ba3 h6 31. Bd6 Bd7 32. Rd3 Rec8 33. Rb1
b6 34. a4 Kf7 35. Kf3 c5 36. a5 c4 37. Rxd5 exd5 38. Bxd5+ Be6 39. Bxa8 Rxa8
40. axb6 axb6 41. Rxb6 Ra2 42. h4 c3 43. Rb7+ Kg8 44. Rc7 c2 45. Ke3 Bb3 46.
Bb4 Ra1 47. Bd2 Rg1 48. Kf2 Rd1 49. Ke2 Rb1 50. Be3 Rh1 51. Rc3 Be6 52. Bd2
Rh2+ 53. Ke3 Bf5 54. Be1 Rh1 55. Bd2 Rg1 56. Kf2 Rd1 57. Be3 Kf7 58. Kf3 h5 59.
Rc7+ Ke6 60. Rc6+ Kd7 61. Rc3 Rh1 62. Rc4 Rh2 63. Bc1 Ke8 64. Rc7 Kd8 65. Rc3
Kd7 66. Ba3 Rd2 67. Bc1 Rd1 68. Bb2 Rb1 69. Ba3 Rb5 70. Rc4 Rb3+ 71. Kf2 Rxa3
72. Ke1 Rxg3 73. Kd2 Rg2+ 74. Kc1 Rg1+ 75. Kd2 Rd1+ 76. Ke3 c1=Q+ 0-1

[Event "Campeonato de España FEDC 2014"]
[Site "Linares ESP"]
[Date "2014.11.19"]
[Round "4.11"]
[White "Garcia Andrinal, Antonio"]
[Black "Septien Lopez, Valeriano"]
[Result "0-1"]
[WhiteElo "1726"]
[BlackElo "1811"]
[PlyCount "70"]
[EventDate "2014.11.16"]
[EventType "swiss"]
[EventRounds "8"]
[EventCountry "ESP"]
[Source "lmi"]
[SourceDate "2014.11.16"]

1. e4 e5 2. Bc4 Nf6 3. d4 exd4 4. Nf3 Bb4+ 5. c3 dxc3 6. O-O O-O 7. bxc3 d5 8.
exd5 Bd6 9. Bg5 h6 10. Bh4 Nbd7 11. Nbd2 Be7 12. Bg3 Nb6 13. Bb3 Nbxd5 14. Qc2
c6 15. Rad1 Qa5 16. c4 Nc3 17. Rde1 Bf5 18. Bc7 b6 19. Qb2 Ba3 20. Qa1 Nce4 21.
Qe5 Qxe5 22. Bxe5 Nxd2 23. Nxd2 Bd3 24. Nb1 Bc5 25. Rd1 Bxf1 26. Kxf1 Rfe8 27.
Bg3 Ne4 28. Rd3 Rad8 29. Rf3 Nd2+ 30. Nxd2 Rxd2 31. Bf4 Rb2 32. g3 Ree2 33. Be3
Bxe3 34. Rxe3 Rxe3 35. fxe3 Rxh2 0-1

[Event "Campeonato de España FEDC 2014"]
[Site "Linares ESP"]
[Date "2014.11.19"]
[Round "4.12"]
[White "Garcia Cervigon, Cecilio"]
[Black "Sanz Garcia, Ramon"]
[Result "1-0"]
[WhiteElo "1807"]
[BlackElo "1706"]
[PlyCount "65"]
[EventDate "2014.11.16"]
[EventType "swiss"]
[EventRounds "8"]
[EventCountry "ESP"]
[Source "lmi"]
[SourceDate "2014.11.16"]

1. d4 Nf6 2. Nf3 d5 3. c4 e6 4. Nc3 c6 5. Bg5 Nbd7 6. e3 Qa5 7. Nd2 Bb4 8. Qc2
O-O 9. Bxf6 Nxf6 10. Bd3 c5 11. Nb3 Qc7 12. O-O Bxc3 13. bxc3 dxc4 14. Bxc4
cxd4 15. cxd4 b6 16. Rfc1 Bb7 17. Qe2 Qd6 18. Rc2 Rac8 19. Rac1 Be4 20. Bd3
Rxc2 21. Rxc2 Bxd3 22. Qxd3 Nd5 23. Nd2 Qd7 24. Qc4 f5 25. Nf3 Ne7 26. Ne5 Qc8
27. Qb3 Qe8 28. Qxe6+ Kh8 29. Rc7 Nc8 30. Nf7+ Kg8 31. Nh6+ Kh8 32. Qxe8 Rxe8
33. Nxf5 1-0

[Event "Campeonato de España FEDC 2014"]
[Site "Linares ESP"]
[Date "2014.11.19"]
[Round "4.13"]
[White "Sanchez Ruiz, Piedad Esmeralda"]
[Black "Espadina Solano, Jaime"]
[Result "0-1"]
[WhiteElo "1861"]
[BlackElo "1741"]
[PlyCount "64"]
[EventDate "2014.11.16"]
[EventType "swiss"]
[EventRounds "8"]
[EventCountry "ESP"]
[Source "lmi"]
[SourceDate "2014.11.16"]

1. e4 c5 2. Nf3 Nc6 3. d4 cxd4 4. Nxd4 Nf6 5. Nc3 e6 6. g3 d5 7. exd5 Nxd5 8.
Bg2 Nxc3 9. bxc3 Qc7 10. O-O Nxd4 11. cxd4 Bd6 12. Qd3 Bd7 13. c4 O-O 14. Be3
Rad8 15. Qb3 b6 16. c5 bxc5 17. dxc5 Be5 18. Rac1 Rb8 19. Qd1 Rfd8 20. Qg4 f5
21. Qf3 Rb2 22. c6 Bc8 23. Bg5 Rd5 24. Rfd1 Bd4 25. Be3 Bxe3 26. Qxe3 Rxd1+ 27.
Rxd1 Rxa2 28. Bd5 Ra5 29. Bxe6+ Kf8 30. Bxc8 Qxc8 31. Rd7 Ra1+ 32. Kg2 Qxc6+
0-1

[Event "Campeonato de España FEDC 2014"]
[Site "Linares ESP"]
[Date "2014.11.19"]
[Round "4.14"]
[White "Escabias Perez, Miguel"]
[Black "Rousse Mayol, Ricard"]
[Result "0-1"]
[WhiteElo "1590"]
[BlackElo "1788"]
[PlyCount "54"]
[EventDate "2014.11.16"]
[EventType "swiss"]
[EventRounds "8"]
[EventCountry "ESP"]
[Source "lmi"]
[SourceDate "2014.11.16"]

1. e4 g6 2. d4 d6 3. Nc3 Bg7 4. f4 e6 5. Nf3 Nd7 6. Be3 a6 7. Qd2 b5 8. a3 Bb7
9. e5 Nh6 10. Bd3 Ng4 11. O-O-O Bxf3 12. gxf3 Nxe3 13. Qxe3 d5 14. Rhg1 Rc8 15.
f5 c5 16. dxc5 Nxc5 17. f6 Nxd3+ 18. Qxd3 Bf8 19. f4 Bh6 20. Qf3 Qc7 21. Rg2
Qxe5 22. Re2 Qxf6 23. Nxd5 Qf5 24. Kb1 Kf8 25. Nb6 Re8 26. Nd7+ Kg8 27. Nf6+
Qxf6 0-1

[Event "Campeonato de España FEDC 2014"]
[Site "Linares ESP"]
[Date "2014.11.19"]
[Round "4.15"]
[White "Salas Rasilla, Concepcion"]
[Black "Quintero Gemio, Antonio J"]
[Result "1/2-1/2"]
[WhiteElo "1653"]
[BlackElo "1763"]
[PlyCount "84"]
[EventDate "2014.11.16"]
[EventType "swiss"]
[EventRounds "8"]
[EventCountry "ESP"]
[Source "lmi"]
[SourceDate "2014.11.16"]

1. Nf3 c5 2. c4 g6 3. g3 Bg7 4. Bg2 Nf6 5. Nc3 Nc6 6. d4 cxd4 7. Nxd4 O-O 8.
O-O Nxd4 9. Qxd4 d6 10. Qd3 Rb8 11. Bd2 b6 12. Rad1 Bb7 13. e4 Nd7 14. b3 Nc5
15. Qc2 a6 16. Rfe1 Qc7 17. Nd5 Bxd5 18. exd5 a5 19. Bg5 e5 20. dxe6 Nxe6 21.
Be3 b5 22. Rc1 b4 23. Bd5 Rbe8 24. Red1 Nc5 25. Bf3 Nd7 26. Bg2 Nc5 27. Rd3
Nxd3 28. Qxd3 Rd8 29. Bd5 Rfe8 30. c5 dxc5 31. Rxc5 Qd7 32. Bf4 Kh8 33. Qc4 Qh3
34. Be3 Rc8 35. Bg2 Qd7 36. Bc6 Qd1+ 37. Kg2 Rf8 38. Rxa5 Qd6 39. Rc5 Rfd8 40.
Bf3 Rxc5 41. Bxc5 Qd2 42. Qxb4 Qxa2 1/2-1/2

[Event "Campeonato de España FEDC 2014"]
[Site "Linares ESP"]
[Date "2014.11.19"]
[Round "4.16"]
[White "Menendez Solar, Jose Carlos"]
[Black "Diaz De La Guia, Luis"]
[Result "0-1"]
[WhiteElo "1758"]
[BlackElo "1653"]
[PlyCount "62"]
[EventDate "2014.11.16"]
[EventType "swiss"]
[EventRounds "8"]
[EventCountry "ESP"]
[Source "lmi"]
[SourceDate "2014.11.16"]

1. d4 Nf6 2. Bg5 d5 3. Nf3 Bf5 4. Nc3 e6 5. e3 Be7 6. Bd3 Bg6 7. Ne5 Nbd7 8.
Nxg6 hxg6 9. f4 a6 10. Qf3 c5 11. O-O c4 12. Be2 b5 13. a3 Nb6 14. Rad1 Nfd7
15. e4 f6 16. exd5 exd5 17. Nxd5 Rb8 18. Qe4 Nxd5 19. Qxd5 Qc7 20. g3 Qd6 21.
Qe4 fxg5 22. fxg5 Rf8 23. Bg4 Kd8 24. Be6 Bxg5 25. Qxg6 Bf6 26. Qg4 Kc7 27. c3
Rbe8 28. d5 Nc5 29. Qe2 Nxe6 30. dxe6 Qxe6 31. Qf2 Qe3 0-1

[Event "Campeonato de España FEDC 2014"]
[Site "Linares ESP"]
[Date "2014.11.19"]
[Round "4.17"]
[White "Melero Marti, Hector"]
[Black "Ramirez Carrasco, Antonio"]
[Result "0-1"]
[WhiteElo "1537"]
[BlackElo "1755"]
[PlyCount "98"]
[EventDate "2014.11.16"]
[EventType "swiss"]
[EventRounds "8"]
[EventCountry "ESP"]
[Source "lmi"]
[SourceDate "2014.11.16"]

1. e4 e5 2. Nf3 Nc6 3. d4 exd4 4. Nxd4 Bc5 5. Nxc6 Qf6 6. Qd2 dxc6 7. Nc3 Bg4
8. Na4 Rd8 9. Bd3 Bd6 10. Qg5 Qxg5 11. Bxg5 f6 12. Be3 b6 13. O-O Ne7 14. Nc3
Be6 15. Ne2 c5 16. Nf4 Bf7 17. Be2 O-O 18. Bg4 Rfe8 19. Be6 Nc6 20. Bxf7+ Kxf7
21. Nd5 Rxe4 22. Rfd1 Nb4 23. Nxb4 Rxb4 24. b3 Re4 25. Rd2 c4 26. Rad1 cxb3 27.
cxb3 Rde8 28. Kf1 Bxh2 29. Rd7+ R8e7 30. Rd8 Bd6 31. Ra8 Rh4 32. Rxa7 Rh1+ 33.
Ke2 Rxd1 34. Kxd1 Re8 35. Bxb6 Rc8 36. Be3 h5 37. Ra5 Rh8 38. Bc5 Be5 39. Ra7
Ke6 40. a4 Kd5 41. b4 g5 42. Ke2 h4 43. Kf1 g4 44. Kg1 Rd8 45. f3 gxf3 46. gxf3
h3 47. Ra6 Kc4 48. Rc6 Rd1+ 49. Kf2 Kd5 0-1

[Event "Campeonato de España FEDC 2014"]
[Site "Linares ESP"]
[Date "2014.11.19"]
[Round "4.18"]
[White "Escalante Ortega, Fernando"]
[Black "Gil Dominguez, Angel Jesus"]
[Result "1-0"]
[WhiteElo "1814"]
[BlackElo "1571"]
[PlyCount "61"]
[EventDate "2014.11.16"]
[EventType "swiss"]
[EventRounds "8"]
[EventCountry "ESP"]
[Source "lmi"]
[SourceDate "2014.11.16"]

1. e4 d5 2. exd5 Qxd5 3. Nc3 Qa5 4. d4 Nf6 5. Bc4 Bf5 6. Bd2 c6 7. Nf3 e6 8.
Qe2 Qd8 9. O-O-O Nbd7 10. h3 b5 11. Bd3 Bxd3 12. Qxd3 b4 13. Ne4 b3 14. cxb3
Nd5 15. Kb1 a5 16. Ne5 Nxe5 17. dxe5 Qc7 18. Qg3 a4 19. Nd6+ Kd7 20. Bb4 axb3
21. axb3 Kd8 22. Qh4+ f6 23. exf6 gxf6 24. Rxd5 Bxd6 25. Qxf6+ Kc8 26. Qxe6+
Kb7 27. Rxd6 Rhd8 28. Rxd8 Qxd8 29. Qe7+ Ka6 30. Qxd8 Rxd8 31. Kc2 1-0

[Event "Campeonato de España FEDC 2014"]
[Site "Linares ESP"]
[Date "2014.11.19"]
[Round "4.19"]
[White "Merino Gomez, Aurelio"]
[Black "Martinez Perez, Carlos"]
[Result "1/2-1/2"]
[WhiteElo "1696"]
[BlackElo "1508"]
[PlyCount "121"]
[EventDate "2014.11.16"]
[EventType "swiss"]
[EventRounds "8"]
[EventCountry "ESP"]
[Source "lmi"]
[SourceDate "2014.11.16"]

1. Nf3 Nf6 2. d4 e6 3. e3 d5 4. Bd3 Nbd7 5. Nbd2 c5 6. c3 b6 7. O-O Bd6 8. h3
Bb7 9. Re1 O-O 10. e4 dxe4 11. Nxe4 Nxe4 12. Bxe4 Bxe4 13. Rxe4 Nf6 14. Re1
cxd4 15. cxd4 Rc8 16. a3 Re8 17. Bg5 Be7 18. Bf4 Nd5 19. Qd2 Nxf4 20. Qxf4 Bf6
21. Rac1 Qd7 22. Ne5 Bxe5 23. dxe5 Rxc1 24. Rxc1 Rc8 25. Rxc8+ Qxc8 26. Qd4 Kf8
27. Kh2 Qc6 28. Qd8+ Qe8 29. Qc7 Qa8 30. f4 g6 31. b4 Kg7 32. b5 h6 33. h4 h5
34. a4 Kg8 35. a5 bxa5 36. Qxa5 Qb8 37. Qb4 Qc7 38. Qa4 Kg7 39. Qa6 Qd7 40. Qa4
Qc7 41. Kh3 Qd7 42. Qb3 Qb7 43. Qc4 Qe7 44. Qd3 Qb7 45. Qe2 Qc7 46. Kg3 Qc5 47.
Kh2 Qd4 48. g3 Qc5 49. Kg2 Qd4 50. Kf3 Qd5+ 51. Kf2 Qd4+ 52. Qe3 Qb6 53. Qxb6
axb6 54. Kf3 Kf8 55. g4 hxg4+ 56. Kxg4 Kg8 57. h5 Kg7 58. Kg5 gxh5 59. Kxh5 f6
60. Kg4 fxe5 61. fxe5 1/2-1/2